| 000 | 00801nam a2200241Ia 4500 | ||
|---|---|---|---|
| 003 | OSt | ||
| 005 | 20220923211448.0 | ||
| 006 | a|||||r|||| 00| 0 | ||
| 007 | ta | ||
| 008 | Pun | ||
| 020 |
_a9789350681725 (hbk) _c250 |
||
| 024 | _a280,756 | ||
| 037 |
_b812, 09/03/2014, H.K. Prakashan _cTextual |
||
| 040 |
_aARTS _cARTS _bPun |
||
| 041 |
_2Pun _aPun |
||
| 082 | _aU8.3, 153Q2 | ||
| 100 | _aਥਿੰਦ, ਸੁਖਪਾਲ ਸਿੰਘ | ||
| 245 | 0 | _aਬਲਦੇਵ ਸਿੰਘ ਧਾਲੀਵਾਲ ਦੀ ਸਖ਼ਰਨਾਮਾਕਾਰੀ | |
| 260 |
_aਚੰਡੀਗੜ _b ਲੋਕਗੀਤ _c2012 |
||
| 300 |
_a159ਪੰ _ccm. |
||
| 942 |
_hU8.3, 153Q2 _cTEXL _2CC |
||
| 999 |
_c299756 _d299756 |
||